Wird geladen...

Integration and Probability

Bibliographische Detailangaben
1. Verfasser: Malliavin, Paul
Format: Printed Book
Sprache:English
Veröffentlicht: New York Springer- Verlag 1995
Ausgabe:1st ed.
Schlagworte:
LEADER 00506nam a2200157Ia 4500
008 101204s9999 xx 000 0 eng d
020 |a 0387944095 
100 |a Malliavin, Paul 
245 |a Integration and Probability 
250 |a 1st ed. 
260 |b Springer- Verlag  |a New York  |c 1995 
300 |a 322 
650 |a Probability Theory 
942 |c BK 
999 |c 188765  |d 188765 
952 |0 0  |1 0  |4 0  |6 517_000000000000000_MAL_G  |7 0  |9 208118  |a STA  |b STA  |c ST1  |d 2010-12-04  |i 1366  |l 0  |o 517 MAL/G  |p STA1366  |r 2018-08-21  |w 2018-08-21  |y BK